000
00276pab a2200109 454500
008
180718b xxu||||| |||| 00| 0 eng d
100
_a
Khatkhate, Deena
245
_a
India 2001: dreams of an optimist
650
_a
Economic Development
773
_a
Times of India
909
_a
21696
999
_c
21696
_d
21696